| 000 | 00960nam a2200229 i 4500 | ||
|---|---|---|---|
| 001 | 169771 | ||
| 003 | ES-MaACL | ||
| 005 | 20231227160948.0 | ||
| 008 | 081125s1958 sp o |||| | spa d | ||
| 100 | 1 |
_aBenavente, Jacinto, _d1866-1954 _927443 |
|
| 245 | 1 | 0 |
_aObras completas _b: con una nota preliminar del autor en el tomo I / _cJacinto Benavente. |
| 260 |
_aMadrid : _bAguilar, _c1958. |
||
| 300 |
_a1 v. (1128 p. : _b1 fot.) ; _c14 cm. |
||
| 490 | 1 | _aJoya | |
| 500 | _aEn port.: Premio Nobel de Literatura 1922. | ||
| 500 | _aÍndices. | ||
| 505 | 8 | _aContiene: T. XI. Artículos ; Prólogos y cartas ; Conferencias, discursos y palabras ; Padre nuestro ; Edipo, Hamlet, Segismundo ; Bromas y veras ; Horas de sol ; Ganimedes ; Entrevistas ; Un señor que renuncia al mundo ; Recuerdos y olvidos (memorias) | |
| 599 | _aFot. de Jacinto Benavente. | ||
| 830 | 0 |
_aJoya _9188875 |
|
| 852 |
_aES-MaACL _jE-12326 |
||
| 999 |
_c169771 _d169771 |
||